ARRUPE JESUIT UNIVERSITY

CORONAVIRUS -STOP THE SPREAD - CLEAN,DISINFECT,COVER

Apostle exhortation of Pope Pius XII (Record no. 126019)

MARC details
000 -LEADER
fixed length control field 00451nam a22001337a 4500
005 - DATE AND TIME OF LATEST TRANSACTION
control field 20170127150303.0
008 - FIXED-LENGTH DATA ELEMENTS--GENERAL INFORMATION
fixed length control field 170127b xxu||||| |||| 00| 0 eng d
050 ## - LIBRARY OF CONGRESS CALL NUMBER
Classification number BX1912.P12
100 ## - MAIN ENTRY--PERSONAL NAME
Personal name Nostrae, Menti
9 (RLIN) 28496
245 ## - TITLE STATEMENT
Title Apostle exhortation of Pope Pius XII
Remainder of title to the clergy of the entire world
Statement of responsibility, etc by Nostrae, Menti
260 ## - PUBLICATION, DISTRIBUTION, ETC. (IMPRINT)
Place of publication, distribution, etc Massachusetts
Name of publisher, distributor, etc National Catholic Welfare Conference
Date of publication, distribution, etc 1951
300 ## - PHYSICAL DESCRIPTION
Extent 47p.;
Dimensions 19cm.
942 ## - ADDED ENTRY ELEMENTS (KOHA)
Source of classification or shelving scheme Library of Congress Classification
Item type Monograph ( Printed materials)
Holdings
Withdrawn status Lost status Source of classification or shelving scheme Damaged status Not for loan Collection code Home library Current library Shelving location Date acquired Total Checkouts Full call number Barcode Date last seen Price effective from Koha item type
    Library of Congress Classification     Main Collection ARRUPE LIBRARY ARRUPE LIBRARY Main Collection 27/01/2017   BX1912.P12 46500022946 22/11/2017 27/01/2017 Monograph ( Printed materials)

 

Arrupe Library. PO Box MP320 Mt Pleasant, Harare, Zimbabwe
263 242 745411|librarian@aju.ac.zw